Normal view MARC view

Entry Nombre personal

Number of records used in: 1

001 - NÚMERO DE CONTROL

  • campo de control: 20273

003 - IDENTIFICADOR DEL NÚMERO DE CONTROL

  • campo de control: FranzMayer

005 - FECHA Y HORA DE LA ÚLTIMA TRANSACCIÓN

  • campo de control: 20190320210140.0

008 - DATOS DE LONGITUD FIJA

  • campo de control de longitud fija: 190320|| aca||aabn | a|a d

040 ## - FUENTE DE LA CATALOGACIÓN

  • Centro catalogador/agencia de origen: FranzMayer
  • Centro/agencia transcriptor: FranzMayer

100 ## - ENCABEZAMIENTO-NOMBRE DE PERSONA

  • Nombre de persona: Ortiz Mena, Antonio
  • Títulos y otros términos asociados al nombre: Secretario de Hacienda y Crédito Público
  • Fechas asociadas al nombre: 1965

670 ## - FUENTE DE DATOS ENCONTRADOS

  • Cita de la fuente: Work cat.: (FranzMayer): Discurso pronunciado por el señor Lic. Antonio Ortiz Mena, Secretario de Hacienda y Crédito Público en la ceremonia Conmemorativa del XL Aniversario de la Fundacvión del Banco de México el jueves 9 de septiembre de 1965, 1965